000
00321nam a22001337a 4500
003
SGT
020
_a
978-81-239-249-3
100
_a
JADHAV, PRIYANKA, INGLE
245
_a
EMERGING TRENDS IN PHYTOPHARMACEUTICS
250
_a
1st
260
_a
CBS, PUB.
_b
NEW DELHI
_c
2016
650
_a
PHYTOPHARMACEUTICS
942
_2
ddc
_c
BK
999
_c
24730
_d
24730